000 00256nam a22001217a 4500
020 _a81-7862-562-8
082 _a001
_bSTE/I
245 _aTHE NERVOUS SYSTEM
260 _aNEW DELHI
_bSTERILING PRESS
300 _a31
650 _aGK
_zNEW DELHI
942 _cBK
999 _c6247
_d6247